| 000 | 00724nam a2200277Ia 4500 | ||
|---|---|---|---|
| 003 | OSt | ||
| 005 | 20240516161405.0 | ||
| 008 | 210210b1914 xxu||||| |||| 00| 0 eng d | ||
| 040 | _cAL | ||
| 041 | _aeng | ||
| 082 | _a954/593 | ||
| 100 |
_aMarshall, John _9164965 |
||
| 245 | _aAnnual report of the Archaeological Survey of India 1909-10 | ||
| 260 |
_aCalcutta _bSuperintendent Government Printing _c1914 |
||
| 300 | _a187 | ||
| 650 |
_aSurvey _9164966 |
||
| 650 |
_areport _9164967 |
||
| 650 |
_andia _9164968 |
||
| 650 |
_aI _9164969 |
||
| 650 |
_aArchaeological _9164970 |
||
| 650 |
_aAnnual _9164971 |
||
| 650 |
_a1909-10 _9164972 |
||
| 690 |
_aIndian History _9164973 |
||
| 906 | _a001662 | ||
| 942 |
_2ddc _cBK |
||
| 999 |
_c120843 _d120843 |
||